00505nam a2200169 i 450000100060000000300090000600500170001500700030003200800410003510000210007624500760009725000150017326000370018830000410022570000370026685200320030372691ES-MaACL20230906171525.0t|040902s1969 sp ||||1| spa d1 aGodard, André.13aEl arte del Irán / cAndré Godard ; traducción Francisco Presedo. a[1ª ed.]. aBarcelona : bJuventud, c[1969] a399 p., 85 lám. : bil. ; c24 cm.1 aPresedo, Francisco (d1923-2000) aES-MaACLjC-37951 bR.72821